IFM Opac

Didital Asset Management: (Record no. 22208)

MARC details
000 -LEADER
fixed length control field 00346nam a22001217a 4500
020 ## - INTERNATIONAL STANDARD BOOK NUMBER
ISBN 978-0-24-051924-1
082 ## - DEWEY DECIMAL CLASSIFICATION NUMBER
Classification number 621.382
100 ## - MAIN ENTRY--AUTHOR NAME
Personal name Austerberry, David
245 ## - TITLE STATEMENT
Title Didital Asset Management:
Sub Title How to Realize the Value of Video and Image Libraries
260 ## - PUBLICATION, DISTRIBUTION, ETC. (IMPRINT)
Place of publication Boston:
Name of publisher Focal Press,
Year of publication 2004
300 ## - PHYSICAL DESCRIPTION
Number of Pages xi, 354p.: ill.; 25cm
942 ## - ADDED ENTRY ELEMENTS (KOHA)
Koha item type Books
Holdings
Withdrawn status Lost status Damaged status Not for loan Collection code Permanent Location Current Location Shelving location Date acquired Source of acquisition Full call number Accession Number Price effective from Koha item type
        Non-fiction IFM Main Campus Library IFM Main Campus Library Work Room processing 01/23/2026 Purchased 621.382 AUS 0000029259 01/23/2026 Books